Howard's fourth government : Australian Commonwealth administration, 2004-2007 /

Saved in:
Bibliographic Details
Other Authors: Aulich, Chris, 1947-, Wettenhall, R. L.
Format: Book
Language:English
Published: Sydney, N.S.W. : UNSW Press, 2008.
Subjects:
Tags: Add Tag
No Tags, Be the first to tag this record!
LEADER 02263cam a2200361 a 4500
001 011531675-2
005 20081216151740.0
008 080730s2008 at a b 001 0 eng
010 |a  2008428737 
020 |a 9780868409825 (pbk.) 
035 0 |a ocn225876232 
040 |a ANL  |b eng  |c DLC  |d ANL  |d DLC 
042 |a lccopycat 
043 |a u-at--- 
050 0 0 |a DU117.17  |b .H693 2008 
082 0 4 |a 324.29405  |2 22 
245 0 0 |a Howard's fourth government :  |b Australian Commonwealth administration, 2004-2007 /  |c edited by Chris Aulich and Roger Wettenhall. 
246 3 4 |a Howard's Government 
246 3 0 |a Australian commonwealth administration, 2004-2007 
260 |a Sydney, N.S.W. :  |b UNSW Press,  |c 2008. 
300 |a ix, 303 p. :  |b ill. ;  |c 24 cm. 
500 |a "This is the ninth volume in the Australian Commonwealth Administration series initiated from the University of Canberra and its predecessor Canberra College of Advanced Education."--Preface. 
500 |a Includes index. 
504 |a Includes bibliographical references. 
505 0 |a The search for balance and effectiveness in the Australian Public Service / John Halligan -- Non-departmental public bodies as a focus for machinery-of-government change / Roger Wettenhall -- Continuing Howard's privatisation agenda / Chris Aulich -- The Senate a paper tiger? / Gwynneth Singleton -- Reconfiguring the Federation? / Andrew Parkin and Geoff Anderson -- Reshaping public integrity / John Uhr -- The economy / Anne Garnett and Phil Lewis -- Rural policy issues / Linda Courtenay Botterill -- Industrial relations and the labour market / Phil Lewis -- In the name of failure : a generational revolution in indigenous affairs / Will Sanders -- Discovering the environment / Jenny Stewart and Carolyn Hendriks -- From multiculturalism to citizenship / Heba Batainah and Mary Walsh -- Searching for the national interest / Daniel Baldino -- Staying on / David Adams. 
651 0 |a Australia  |x Politics and government  |y 1945- 
600 1 0 |a Howard, John,  |d 1939-  |x Political and social views. 
610 2 0 |a Liberal Party of Australia. 
650 0 |a Prime ministers  |z Australia. 
700 1 |a Aulich, Chris,  |d 1947- 
700 1 |a Wettenhall, R. L.  |q (Roger Llewellyn) 
988 |a 20080806 
906 |0 OCLC